00732 2200277 4500001002100000005001500021035002000036007000300056008004100059020002200100082001000122084001600132100002200148245008900170250001000259260004300269300003000312700002900342600001700371990001100388990001100399990001100410990001100421990001100432990001100443INLIS00000000000777620210329014536 a0010-0321001146ta210329 g 0 ind  a978-602-73888-4-0 a297.4 a297.4 SYA e0 aSYARIF, Rahmat RA1 a40 Goresan Pena Syarif Rahmat 4 /cSyarif Rahmat RA; Editor, Ateng Usep Tirta Kusuma acet.1 aTangerang :bYayasan Ummul Qura,c2016 ajil.4, 231 hal. ;c21 cm.0 aATENG, Usep Tirta Kusuma 4aISLAM. FIQIH a8033 a a8033 b a8033 a a8033 b a8033 b a8033 a